The student nurse handbook / (Record no. 275566)
[ view plain ]
| 000 -LEADER | |
|---|---|
| fixed length control field | 01280nam a22001937a 4500 |
| 005 - DATE AND TIME OF LATEST TRANSACTION | |
| control field | 20140911121206.0 |
| 008 - FIXED-LENGTH DATA ELEMENTS--GENERAL INFORMATION | |
| fixed length control field | 140911b xxu||||| |||| 00| 0 eng d |
| 020 ## - INTERNATIONAL STANDARD BOOK NUMBER | |
| International Standard Book Number | 9780335244751 |
| 050 ## - LIBRARY OF CONGRESS CALL NUMBER | |
| Classification number | RT 73 |
| Item number | .St94 2012 |
| 245 ## - TITLE STATEMENT | |
| Title | The student nurse handbook / |
| Statement of responsibility, etc | Edited by Liz Aston and Lesley Strouther. |
| 260 ## - PUBLICATION, DISTRIBUTION, ETC. (IMPRINT) | |
| Place of publication, distribution, etc | Maidenhead : |
| Name of publisher, distributor, etc | Open University Press, |
| Date of publication, distribution, etc | c2012. |
| 300 ## - PHYSICAL DESCRIPTION | |
| Extent | 119 pages ; |
| Dimensions | 23 cm. |
| 505 ## - FORMATTED CONTENTS NOTE | |
| Formatted contents note | Introduction 1. What Does it Mean to be a Nurse? 2. Preparing to Undertake the Course 3. Getting the Most out of your First Placement 4. Support Systems whilst on Placement 5. Issues when Working on Placements 6. Accountability Issues 7. Providing Evidence in your Portfolio to Support your Practice Achievement 8. Transition: Becoming a Registered Nurse. |
| 520 ## - SUMMARY, ETC. | |
| Summary, etc | Co-published with the Nursing Standard, this fun and friendly guide to being a student nurse is written by student nurses for student nurses. The book offers invaluable peer to peer advice on the key challenges of the pre-registration nursing cause, based on real experiences and with commentary from two experienced nurses. |
| 521 ## - TARGET AUDIENCE NOTE | |
| Target audience note | |
| 650 ## - SUBJECT ADDED ENTRY--TOPICAL TERM | |
| Topical term or geographic name as entry element | Nursing |
| General subdivision | Study and teaching |
| -- | Handbooks, manuals, etc. |
| 650 ## - SUBJECT ADDED ENTRY--TOPICAL TERM | |
| Topical term or geographic name as entry element | Nursing students |
| General subdivision | Handbooks, manuals, etc. |
| 942 ## - ADDED ENTRY ELEMENTS (KOHA) | |
| Source of classification or shelving scheme | Library of Congress Classification |
| Koha item type | Books |
| Call number prefix | Foreign |
| Withdrawn status | Lost status | Source of classification or shelving scheme | Damaged status | Not for loan | Home library | Current library | Shelving location | Date acquired | Source of acquisition | Total Checkouts | Full call number | Barcode | Date last seen | Price effective from | Koha item type |
|---|---|---|---|---|---|---|---|---|---|---|---|---|---|---|---|
| Library of Congress Classification | On Process | College Library | College Library | Reserve Section | 09/11/2014 | RT 73 .St94 2012 | C18578 | 05/15/2018 | 09/11/2014 | Books |